| 000 | 004620000a22001570004500 | ||
|---|---|---|---|
| 003 | MACL | ||
| 005 | 20160227140411.0 | ||
| 008 | 160227b xxu||||| |||| 00| 0 eng d | ||
| 040 |
_aMACL _cMACL |
||
| 041 | _aHindi | ||
| 082 | _a800 | ||
| 245 | _aव्ला इ लेनिन संकलित रचनाऍ | ||
| 260 |
_bप्रगति प्रकाशन _c1974 _aमास्को |
||
| 650 |
_aLiteracture _939932 |
||
| 942 |
_cHIN _k800 _2ddc |
||
| 999 |
_c28263 _d28263 |
||